000 00760nam a2200241 i 4500
001 bg
100 1 _aKieżun, Witold
_d(1922- ).
245 1 0 _aSprawne zarządzanie organizacją :
_bzarys teorii i praktyki /
_cWitold Kieżun.
250 _aWyd. 2.
260 _aWarszawa :
_bSzkoła Główna Handlowa. Oficyna Wydawnicza,
_c1998.
300 _a419 s. :
_bil. ;
_c27 cm.
504 _aBibliogr., wskazówki bibliogr. przy rozdz. Indeksy.
650 9 _aZarządzanie
655 _aPodręczniki
020 _a8386689684
040 _cBPK
041 0 _apl
080 _a65.01(07)
920 _a83-86689-68-4
942 _cKS
008 s pl f |000 0 pol
999 _c41764
_d41764
856 _uhttp://koha.tu.koszalin.pl/cgi-bin/koha/opac-detail.pl?biblionumber=41764
_yKatalog online BPK